[Event "M.Botvinnik Memorial 2012"]
[Site "St. Petersburg, Russia"]
[Date "2012.08.31"]
[Round "7.28"]
[White "Tunik, Gennady"]
[Black "Sichinava, Zviad"]
[Result "0-1"]
[WhiteElo "2456"]
[BlackElo "2322"]
[PlyCount "132"]
[EventDate "2012.08.25"]

1. d4 Nf6 2. Nf3 c5 3. d5 b5 4. Bg5 Qb6 5. Bxf6 gxf6 6. g3 Bg7 7. Bg2 f5 8. c3
d6 9. Qc2 Bf6 10. O-O Na6 11. Nbd2 Nc7 12. e4 Bb7 13. a4 fxe4 14. Nxe4 Nxd5 15.
axb5 Bg7 16. Ra4 Nf6 17. Nxf6+ Bxf6 18. Qe2 O-O 19. h4 a6 20. Ng5 Bxg2 21. Kxg2
Qxb5 22. Qh5 Bxg5 23. Rg4 Kh8 24. hxg5 Qb7+ 25. Kg1 Qf3 26. Re1 Rab8 27. Qh4 e5
28. b4 Qxc3 29. Re3 Qc1+ 30. Kg2 Qd1 31. Rf3 Qd5 32. Qh6 Rg8 33. Qf6+ Rg7 34.
bxc5 dxc5 35. Kh2 Kg8 36. Qf5 Rg6 37. Re4 Re8 38. Rfe3 Qe6 39. g4 Qxf5 40. gxf5
Rxg5 41. Rxe5 Rxe5 42. Rxe5 c4 43. Rc5 c3 44. f4 Rg4 45. Rxc3 Rxf4 46. Ra3 Rh4+
47. Kg3 Rh6 48. Kg4 Rb6 49. Kg5 Kg7 50. Ra5 Rd6 51. Rc5 f6+ 52. Kh5 Rd7 53. Ra5
Ra7 54. Kg4 Kf7 55. Kf4 Ke7 56. Ke4 Kd6 57. Kd4 Kc6 58. Rc5+ Kb6 59. Rd5 a5 60.
Rd6+ Kb5 61. Rxf6 a4 62. Rf8 a3 63. Rb8+ Kc6 64. Rb1 a2 65. Ra1 Kd6 66. Ke4
Ra4+ 0-1

[Event "M.Botvinnik Memorial 2012"]
[Site "St. Petersburg, Russia"]
[Date "2012.08.31"]
[Round "7.29"]
[White "Kopylov, Alexander A"]
[Black "Kiselev, Pavel"]
[Result "1-0"]
[WhiteElo "2449"]
[BlackElo "2179"]
[PlyCount "75"]
[EventDate "2012.08.25"]

1. d4 Nf6 2. g3 g6 3. Bg2 Bg7 4. e4 d6 5. Ne2 O-O 6. O-O c5 7. c3 Na6 8. h3 Rb8
9. Be3 b5 10. e5 Nd7 11. exd6 exd6 12. Nd2 Nf6 13. dxc5 dxc5 14. Nb3 Qe7 15.
Na5 Qc7 16. Nc6 Rb6 17. Bf4 Qd7 18. Qxd7 Bxd7 19. Ne5 Be6 20. Rfd1 Nh5 21. Nd7
Bxd7 22. Rxd7 b4 23. Be3 bxc3 24. bxc3 Be5 25. Rxa7 Rd8 26. a4 Bb8 27. Rb7 Rbd6
28. Bf1 Ng7 29. Rab1 Ne6 30. Kg2 Bc7 31. Nf4 Ba5 32. Nxe6 Rxe6 33. Bc4 Nc7 34.
Bxe6 Nxe6 35. Rb8 Rxb8 36. Rxb8+ Kg7 37. Rb5 Bxc3 38. a5 1-0

[Event "M.Botvinnik Memorial 2012"]
[Site "St. Petersburg, Russia"]
[Date "2012.08.31"]
[Round "7.30"]
[White "Martynov, Pavel"]
[Black "Alekseenko, Kirill"]
[Result "0-1"]
[WhiteElo "2289"]
[BlackElo "2430"]
[PlyCount "70"]
[EventDate "2012.08.25"]

1. d4 Nf6 2. Nf3 e6 3. c4 b6 4. g3 Ba6 5. Qa4 Bb7 6. Bg2 c5 7. dxc5 bxc5 8. O-O
Be7 9. Nc3 O-O 10. Bf4 d6 11. Rfd1 a6 12. Rac1 Qc7 13. Rd2 Rd8 14. a3 h6 15. h3
Nbd7 16. Qd1 Nf8 17. g4 Ng6 18. Bg3 Rac8 19. Qc2 Ne8 20. Na4 Bf6 21. e4 Qc6 22.
Nc3 Qb6 23. Na4 Qa7 24. b4 cxb4 25. axb4 Bc6 26. c5 Qb7 27. Nd4 Bg5 28. Nb6
Bxd2 29. Qxd2 dxc5 30. bxc5 e5 31. Nxc8 Qxc8 32. Bxe5 Nxe5 33. f4 Qd7 34. Rd1
Ba4 35. c6 Nxc6 0-1

[Event "M.Botvinnik Memorial 2012"]
[Site "St. Petersburg, Russia"]
[Date "2012.08.31"]
[Round "7.31"]
[White "Donskov, Anatoly"]
[Black "Andriasian, Zaven"]
[Result "0-1"]
[WhiteElo "2328"]
[BlackElo "2600"]
[PlyCount "54"]
[EventDate "2012.08.25"]

1. e4 c5 2. Nf3 d6 3. d4 cxd4 4. Nxd4 Nf6 5. Nc3 a6 6. Be2 g6 7. Be3 Bg7 8. Qd2
Nc6 9. O-O-O Bd7 10. f4 Rc8 11. Nxc6 Bxc6 12. Bf3 O-O 13. Kb1 b5 14. g4 Nd7 15.
Nd5 a5 16. g5 e6 17. h4 exd5 18. exd5 Bb7 19. h5 Re8 20. hxg6 fxg6 21. Bg4 Rc4
22. Be6+ Rxe6 23. dxe6 Nf8 24. Rhe1 Be4 25. Bc5 Nxe6 26. Bxd6 Bxc2+ 27. Ka1
Bxd1 0-1

[Event "M.Botvinnik Memorial 2012"]
[Site "St. Petersburg, Russia"]
[Date "2012.08.31"]
[Round "7.32"]
[White "Barhudarian, Rafael"]
[Black "Kovalenko, Igor"]
[Result "1/2-1/2"]
[WhiteElo "2320"]
[BlackElo "2586"]
[PlyCount "109"]
[EventDate "2012.08.25"]

1. Nc3 d5 2. d4 Nf6 3. Bg5 Nbd7 4. Qd3 h6 5. Bh4 e6 6. e4 dxe4 7. Nxe4 Be7 8.
Nxf6+ Nxf6 9. Nf3 O-O 10. Be2 c5 11. O-O b6 12. Ne5 Bb7 13. Bf3 Nd5 14. Bxe7
Qxe7 15. dxc5 bxc5 16. Rfe1 Nb4 17. Qe2 Bxf3 18. Nxf3 Qb7 19. Ne5 Nd5 20. c4
Ne7 21. Rad1 Rad8 22. Nd3 Qc7 23. Qe5 Rc8 24. Qxc7 Rxc7 25. Ne5 Nf5 26. Nf3 Rb8
27. b3 Kf8 28. g4 Ne7 29. Ne5 Ke8 30. Rd6 Rb6 31. Red1 Rxd6 32. Rxd6 Nc8 33.
Ra6 Nb6 34. Kf1 f6 35. Nd3 Ke7 36. Ra5 Nd7 37. Ke2 g5 38. Ke3 f5 39. gxf5 exf5
40. Ra6 Nb6 41. a4 h5 42. a5 Nd7 43. Rg6 Rb7 44. Rxg5 Rxb3 45. Rxf5 h4 46. Rh5
Ra3 47. f4 Rxa5 48. Rh7+ Kd6 49. Rxh4 Nf6 50. Rh6 Ke7 51. Rg6 Ra4 52. Rg7+ Kd6
53. Rg6 Ke7 54. Rg7+ Kd6 55. Rg6 1/2-1/2

[Event "M.Botvinnik Memorial 2012"]
[Site "St. Petersburg, Russia"]
[Date "2012.08.31"]
[Round "7.33"]
[White "Yakovich, Yuri"]
[Black "Molchanova, Tatjana"]
[Result "1-0"]
[WhiteElo "2525"]
[BlackElo "2318"]
[PlyCount "57"]
[EventDate "2012.08.25"]

1. c4 c6 2. Nf3 d5 3. e3 Nf6 4. Nc3 a6 5. Qc2 Nbd7 6. d4 e6 7. b3 Bd6 8. Bb2
O-O 9. Bd3 dxc4 10. bxc4 e5 11. O-O exd4 12. exd4 Re8 13. Rae1 Nf8 14. Rxe8
Qxe8 15. Re1 Qd8 16. Ne4 Nxe4 17. Bxe4 Be6 18. d5 cxd5 19. cxd5 Bd7 20. Qc3 f6
21. Qb3 b5 22. Nd4 a5 23. Ne6 a4 24. Qf3 Qa5 25. Re2 a3 26. Bxf6 Rc8 27. g3
Bxe6 28. dxe6 gxf6 29. e7 1-0

[Event "M.Botvinnik Memorial 2012"]
[Site "St. Petersburg, Russia"]
[Date "2012.08.31"]
[Round "7.34"]
[White "Kabanov, Nikolai"]
[Black "Duzhakov, Ilya"]
[Result "0-1"]
[WhiteElo "2501"]
[BlackElo "2313"]
[PlyCount "74"]
[EventDate "2012.08.25"]

1. e4 e6 2. d4 d5 3. Nc3 Bb4 4. Nge2 dxe4 5. a3 Bxc3+ 6. Nxc3 Nc6 7. Bb5 Nge7
8. Bg5 f6 9. Be3 O-O 10. Qd2 f5 11. O-O-O Nd5 12. Nxd5 Qxd5 13. c4 Qd8 14. Bxc6
bxc6 15. Bf4 a5 16. a4 Ba6 17. b3 Qe7 18. Qc3 Rfb8 19. Kc2 Rb7 20. Rb1 c5 21.
Rhd1 cxd4 22. Qxd4 Rab8 23. Qe5 Qf6 24. Qxf6 gxf6 25. Bd2 c5 26. Bxa5 f4 27.
Bd2 e5 28. g3 e3 29. fxe3 f3 30. e4 Bxc4 31. Kc3 Bxb3 32. Rf1 Bxa4 33. Rxb7
Rxb7 34. Be3 Rb3+ 35. Kd2 Rb2+ 36. Kc1 Rc2+ 37. Kb1 Rc3 0-1

[Event "M.Botvinnik Memorial 2012"]
[Site "St. Petersburg, Russia"]
[Date "2012.08.31"]
[Round "7.35"]
[White "Polyaninov, Aleksey"]
[Black "Rozum, Ivan"]
[Result "0-1"]
[WhiteElo "2316"]
[BlackElo "2500"]
[PlyCount "84"]
[EventDate "2012.08.25"]

1. e4 d6 2. d4 Nf6 3. Nc3 g6 4. Nf3 Bg7 5. Be2 O-O 6. O-O c6 7. h3 Qc7 8. Re1
e5 9. dxe5 dxe5 10. Bg5 Nbd7 11. Qc1 Nc5 12. Bh6 Nh5 13. Bf1 Nf4 14. Bxg7 Kxg7
15. Qe3 Qe7 16. Kh2 f6 17. a4 a5 18. Red1 Bd7 19. Nd2 Nfe6 20. Nc4 Nd4 21. Rd2
Be6 22. Rad1 Bxc4 23. Bxc4 Rfd8 24. b3 Rd7 25. Ne2 Rad8 26. Kg1 Nxc2 27. Rxd7
Rxd7 28. Rxd7 Nxd7 29. Qa7 Qb4 30. Ng3 Na3 31. Be6 Nc5 32. Bc8 Nb1 33. Qb8 Qe1+
34. Kh2 Nd2 35. Nf5+ gxf5 36. Qc7+ Kh6 37. Bxf5 Nf1+ 38. Kg1 Ng3+ 39. Kh2 Nxf5
40. exf5 Qxf2 41. Qd6 Qg3+ 42. Kh1 Ne4 0-1

[Event "M.Botvinnik Memorial 2012"]
[Site "St. Petersburg, Russia"]
[Date "2012.08.31"]
[Round "7.36"]
[White "Bazeev, German"]
[Black "Gavrilov, Alexei"]
[Result "1/2-1/2"]
[WhiteElo "2308"]
[BlackElo "2496"]
[PlyCount "103"]
[EventDate "2012.08.25"]

1. d4 Nf6 2. c4 e6 3. g3 d5 4. Nf3 Bb4+ 5. Bd2 Be7 6. Bg2 O-O 7. O-O c6 8. Bf4
Nbd7 9. Nbd2 b6 10. Ne5 Bb7 11. Nxd7 Qxd7 12. Rc1 c5 13. dxc5 Bxc5 14. cxd5
Bxd5 15. e4 Bc6 16. Nb3 Qxd1 17. Rfxd1 Bxe4 18. Nxc5 bxc5 19. Bd6 Rfc8 20. Bxc5
Bxg2 21. Kxg2 Rcb8 22. Bd4 Nd5 23. Be5 Rb5 24. a4 Rb3 25. Rc5 a6 26. Rdc1 f6
27. Bd4 Rb4 28. R1c4 Rab8 29. Bc3 Rxc4 30. Rxc4 Rb6 31. Bd4 Rb3 32. a5 e5 33.
Bc3 Rb8 34. b4 Rb7 35. Rc8+ Kf7 36. Be1 Rc7 37. Rd8 Ke6 38. Ra8 Rc6 39. Kf3 Nc7
40. Rg8 g5 41. Bd2 Rc4 42. Rh8 g4+ 43. Ke2 Kd5 44. Rxh7 Nb5 45. h3 Ke4 46. hxg4
Nd4+ 47. Kf1 Nf3 48. Be3 Rxb4 49. Rc7 Ra4 50. Kg2 Rxa5 51. Rc6 Ra1 52. Rxf6
1/2-1/2

[Event "M.Botvinnik Memorial 2012"]
[Site "St. Petersburg, Russia"]
[Date "2012.08.31"]
[Round "7.37"]
[White "Cherniaev, Alexander"]
[Black "Lamorelle, Julien"]
[Result "1-0"]
[WhiteElo "2486"]
[BlackElo "2290"]
[PlyCount "71"]
[EventDate "2012.08.25"]

1. c4 c6 2. e4 d5 3. exd5 cxd5 4. d4 Nf6 5. Nc3 e6 6. Nf3 Bb4 7. cxd5 exd5 8.
Qa4+ Nc6 9. Bb5 O-O 10. Bxc6 Bxc3+ 11. bxc3 bxc6 12. O-O Bd7 13. Bg5 c5 14. Qd1
Bg4 15. dxc5 Rc8 16. Qd4 Bxf3 17. gxf3 Qe7 18. Kh1 Qe2 19. Qe3 Rfe8 20. Qxe2
Rxe2 21. Be3 Kf8 22. Rfb1 Nd7 23. Rb7 Nxc5 24. Rxa7 Rc2 25. Rd1 Rxc3 26. Rxd5
Ne6 27. a4 R8c7 28. Rxc7 Rxc7 29. a5 Rc4 30. a6 Ra4 31. a7 Ke7 32. Rb5 Nc7 33.
Rb7 Kd6 34. Bf4+ Rxf4 35. Rxc7 Ra4 36. Rxf7 1-0

[Event "M.Botvinnik Memorial 2012"]
[Site "St. Petersburg, Russia"]
[Date "2012.08.31"]
[Round "7.38"]
[White "Matsenko, Sergei"]
[Black "Myshkin, Nikita"]
[Result "1-0"]
[WhiteElo "2468"]
[BlackElo "2299"]
[PlyCount "113"]
[EventDate "2012.08.25"]

1. e4 e5 2. Nf3 Nc6 3. Bb5 Nf6 4. d3 d6 5. c3 Be7 6. Nbd2 O-O 7. Nf1 a6 8. Ba4
b5 9. Bb3 Na5 10. Bc2 c5 11. Ng3 Re8 12. O-O Bf8 13. d4 cxd4 14. cxd4 Bb7 15.
d5 Nc4 16. a4 Nb6 17. a5 Nbd7 18. b4 g6 19. h3 Rc8 20. Be3 Bg7 21. Nd2 h5 22.
Ne2 Nh7 23. Ra3 Qe7 24. g3 h4 25. Nf3 Bf6 26. Qd2 Rc7 27. Rc3 Rxc3 28. Nxc3 Rc8
29. Bd3 Kg7 30. Rc1 hxg3 31. fxg3 Nb8 32. g4 Kg8 33. Kg2 Qd7 34. Kf2 Rf8 35.
Ne2 Rc8 36. Rxc8+ Qxc8 37. Qc3 Bd8 38. Kg3 Qc7 39. Qxc7 Bxc7 40. Nc3 Bc8 41.
Nd2 Bd7 42. Ndb1 Kf8 43. Na3 Ke7 44. h4 Kd8 45. h5 Kc8 46. Naxb5 axb5 47. Nxb5
Na6 48. Nxd6+ Bxd6 49. Bxa6+ Kb8 50. Bc5 Bc7 51. h6 f5 52. Bd3 f4+ 53. Kf2 Bxg4
54. a6 Bc8 55. b5 Nf6 56. Kg1 g5 57. b6 1-0

[Event "M.Botvinnik Memorial 2012"]
[Site "St. Petersburg, Russia"]
[Date "2012.08.31"]
[Round "7.39"]
[White "Chekhov, Sergei"]
[Black "Palachev, Petr"]
[Result "0-1"]
[WhiteElo "2444"]
[BlackElo "2290"]
[PlyCount "90"]
[EventDate "2012.08.25"]

1. e4 c6 2. c4 d5 3. exd5 cxd5 4. cxd5 Nf6 5. Nc3 Nxd5 6. Nf3 Nc6 7. d4 e6 8.
Bc4 Be7 9. O-O O-O 10. Re1 Qd6 11. Bxd5 exd5 12. Ne5 Be6 13. Bf4 Nxe5 14. Bxe5
Qd7 15. Qb3 Rfc8 16. Re3 f6 17. Bg3 Bf7 18. Rae1 Bf8 19. h3 Rc4 20. Qd1 Rac8
21. Kh2 b5 22. a3 a5 23. Qb3 b4 24. Na4 Qc6 25. Nc5 Rxc5 26. dxc5 d4 27. Re6
Qxc5 28. axb4 axb4 29. Qf3 Bxe6 30. Rxe6 Qc4 31. Re4 Rd8 32. h4 Qc2 33. Re2 Qd1
34. Qe4 d3 35. Re1 Qb3 36. Bc7 Rd7 37. Qc6 d2 38. Rd1 Qxd1 39. Qxd7 Qe2 40.
Qd5+ Kh8 41. Qd8 h5 42. Qxf8+ Kh7 43. Qxb4 d1=Q 44. Qc5 Qe4 45. Qxh5+ Qxh5 0-1

[Event "M.Botvinnik Memorial 2012"]
[Site "St. Petersburg, Russia"]
[Date "2012.08.31"]
[Round "7.40"]
[White "Malakhov, Igor"]
[Black "Solovyov, Viktor"]
[Result "1-0"]
[WhiteElo "2442"]
[BlackElo "2278"]
[PlyCount "86"]
[EventDate "2012.08.25"]

1. e4 e5 2. Nf3 Nc6 3. Bb5 Nf6 4. Bxc6 dxc6 5. d3 Bd6 6. Nbd2 Be6 7. b3 O-O 8.
Bb2 Nd7 9. Qe2 c5 10. h3 Re8 11. Nf1 b5 12. Ne3 f6 13. a4 a6 14. O-O Nf8 15.
Nh4 Ng6 16. Nhf5 Ne7 17. Qf3 Qd7 18. h4 Nc6 19. h5 Bf8 20. Ng4 Qf7 21. Qg3 Kh8
22. f4 Nd4 23. Nxd4 exd4 24. f5 Bc8 25. h6 b4 26. Qh4 Be7 27. hxg7+ Qxg7 28.
Kf2 Qg5 29. Qxg5 fxg5 30. Rh1 Kg7 31. Rh6 Rh8 32. Rah1 Kg8 33. Bc1 Bd7 34. Ne5
Be8 35. Ng6 Bxg6 36. fxg6 Rf8+ 37. Ke2 Bd6 38. Rxh7 Rxh7 39. gxh7+ Kg7 40.
h8=Q+ Rxh8 41. Rxh8 Kxh8 42. Bxg5 Kh7 43. Kf3 Kg6 1-0

[Event "M.Botvinnik Memorial 2012"]
[Site "St. Petersburg, Russia"]
[Date "2012.08.31"]
[Round "7.41"]
[White "Bronnikova, Elizaveta"]
[Black "Gordievsky, Dmitry"]
[Result "0-1"]
[WhiteElo "2238"]
[BlackElo "2437"]
[PlyCount "98"]
[EventDate "2012.08.25"]

1. e4 c6 2. d4 d5 3. Nd2 dxe4 4. Nxe4 Bf5 5. Ng3 Bg6 6. Nf3 Nd7 7. Bd3 e6 8.
Bxg6 hxg6 9. Qe2 Be7 10. Bd2 Qc7 11. c4 Ngf6 12. Bc3 a5 13. a3 a4 14. O-O O-O
15. Rfe1 b5 16. Ne5 bxc4 17. Ne4 Nd5 18. Qxc4 Nxe5 19. dxe5 Rfb8 20. Bd4 c5 21.
Bc3 Nb6 22. Qe2 c4 23. Nd6 Nd5 24. Bd4 Rd8 25. Rac1 Bxd6 26. exd6 Qxd6 27. Be5
Qa6 28. Qxc4 f6 29. Bg3 Qxc4 30. Rxc4 e5 31. f4 exf4 32. Bxf4 Nxf4 33. Rxf4 g5
34. Rf2 Rab8 35. g3 Rd4 36. Re7 Rb6 37. Rc2 Kh7 38. Kf2 Kg6 39. Ra7 Rb3 40. Re2
g4 41. Ree7 Rd2+ 42. Ke1 Rxh2 43. Rxg7+ Kf5 44. Ra5+ Ke4 45. Rxa4+ Ke3 46. Re7+
Kf3 47. Rf4+ Kxg3 48. Rxf6 Rhxb2 49. Ra6 Rh2 0-1

[Event "M.Botvinnik Memorial 2012"]
[Site "St. Petersburg, Russia"]
[Date "2012.08.31"]
[Round "7.42"]
[White "Smirnov, Alexey"]
[Black "Krivonos, Nikolay"]
[Result "1-0"]
[WhiteElo "2416"]
[BlackElo "2258"]
[PlyCount "36"]
[EventDate "2012.08.25"]

1. d4 Nf6 2. c4 g6 3. Nc3 d5 4. Nf3 Bg7 5. Bf4 c6 6. e3 O-O 7. Rc1 Qa5 8. Qd2
Bf5 9. Be2 Nbd7 10. O-O Qd8 11. cxd5 cxd5 12. Qd1 Qa5 13. Qb3 Nb6 14. Ne5 Rac8
15. g4 Be6 16. f3 h6 17. a4 Bd7 18. Qa3 Nc4 {forfeited} 1-0

[Event "M.Botvinnik Memorial 2012"]
[Site "St. Petersburg, Russia"]
[Date "2012.08.31"]
[Round "7.43"]
[White "Markevich, Ilya"]
[Black "Romanko, Marina"]
[Result "0-1"]
[WhiteElo "2210"]
[BlackElo "2399"]
[PlyCount "76"]
[EventDate "2012.08.25"]

1. e4 c6 2. d4 d5 3. exd5 cxd5 4. c4 e6 5. Nc3 Nf6 6. Nf3 Bb4 7. cxd5 Nxd5 8.
Bd2 Nc6 9. Bd3 O-O 10. O-O Be7 11. Qe2 Nf6 12. Ne4 Nxe4 13. Qxe4 f5 14. Qe3 Bf6
15. Bc3 Ne7 16. Bc4 Nd5 17. Qd2 b6 18. Rfe1 Re8 19. Ne5 Bb7 20. f3 Rc8 21. Bb5
Re7 22. a4 Rec7 23. a5 a6 24. Ba4 Nxc3 25. bxc3 b5 26. Bb3 Bd5 27. Bxd5 Qxd5
28. Rac1 Qb3 29. Rcd1 Qxc3 30. Qa2 Re7 31. Re2 h6 32. Rd3 Qc1+ 33. Kf2 f4 34.
Ng4 Bxd4+ 35. Rxd4 Qc5 36. Ree4 Rd7 37. Qd2 Rcd8 38. Qxf4 Rxd4 0-1

[Event "M.Botvinnik Memorial 2012"]
[Site "St. Petersburg, Russia"]
[Date "2012.08.31"]
[Round "7.44"]
[White "Ulanov, Alexandr"]
[Black "Vunder, Andrey"]
[Result "1/2-1/2"]
[WhiteElo "2398"]
[BlackElo "2248"]
[PlyCount "152"]
[EventDate "2012.08.25"]

1. Nf3 d5 2. g3 c5 3. Bg2 Nc6 4. O-O Nf6 5. d3 Bg4 6. Nbd2 e6 7. e4 Qc7 8. h3
Bh5 9. g4 Bg6 10. Nh4 dxe4 11. dxe4 Rd8 12. Nxg6 hxg6 13. c3 Bd6 14. Qe2 Bh2+
15. Kh1 Bf4 16. Nc4 Bxc1 17. Raxc1 Qf4 18. Kg1 O-O 19. Rcd1 b5 20. Qe3 Qxe3 21.
Nxe3 g5 22. a4 a6 23. axb5 axb5 24. h4 gxh4 25. f4 e5 26. g5 exf4 27. Rxf4
Rxd1+ 28. Nxd1 Nd7 29. Bf1 c4 30. Rxh4 Nde5 31. Rf4 Ra8 32. Kf2 Rd8 33. Ke1 Rd3
34. Be2 Rg3 35. Rf5 g6 36. Kf2 Rh3 37. Rf6 Rh4 38. Ke3 Rh3+ 39. Kf2 Rh4 40. Ke3
Rh3+ 41. Kd2 Rg3 42. Rd6 Rxg5 43. Ne3 Na5 44. Rd5 Nb3+ 45. Kd1 Rg1+ 46. Nf1 Nd3
47. Rxb5 Nxb2+ 48. Ke1 Rg2 49. Ne3 Rh2 50. Nxc4 Nxc4 51. Bxc4 Nd2 52. Bd5 Nf3+
53. Kd1 Ne5 54. c4 g5 55. c5 Rh6 56. Ke2 g4 57. Kf2 Rh2+ 58. Kg3 Rh3+ 59. Kf4
g3 60. Rb1 g2 61. Rg1 Nd3+ 62. Kg4 Rh6 63. Kf5 Nxc5 64. Rxg2+ Kf8 65. Rc2 Nd7
66. Rc7 Rf6+ 67. Kg5 Rg6+ 68. Kf4 Rf6+ 69. Ke3 Ne5 70. Kd4 Nf3+ 71. Kc5 Ne5 72.
Rc8+ Ke7 73. Rc7+ Nd7+ 74. Kd4 Rd6 75. Ra7 f6 76. Ke3 f5 1/2-1/2

[Event "M.Botvinnik Memorial 2012"]
[Site "St. Petersburg, Russia"]
[Date "2012.08.31"]
[Round "7.45"]
[White "Ponfilenok, Vladimir"]
[Black "Saveliev, Alexei"]
[Result "1-0"]
[WhiteElo "2392"]
[BlackElo "2081"]
[PlyCount "57"]
[EventDate "2012.08.25"]

1. d4 Nf6 2. c4 e6 3. g3 c5 4. d5 exd5 5. cxd5 b5 6. Nf3 d6 7. e4 a6 8. a4 b4
9. Nbd2 g6 10. Bd3 Bg7 11. Nc4 O-O 12. O-O Bg4 13. Bf4 Ne8 14. Re1 h6 15. Kg2
g5 16. Bc1 Nd7 17. h3 Bxf3+ 18. Qxf3 Ne5 19. Nxe5 dxe5 20. Be3 Qa5 21. Rec1 Rc8
22. Qe2 Nd6 23. Bxa6 Rc7 24. Bb5 Rfc8 25. Bc6 c4 26. f3 f5 27. Rxc4 Nxc4 28.
Qxc4 Kh8 29. Qb5 1-0

[Event "M.Botvinnik Memorial 2012"]
[Site "St. Petersburg, Russia"]
[Date "2012.08.31"]
[Round "7.46"]
[White "Zavoronkov, Vladimir"]
[Black "Palchun, Grigory"]
[Result "0-1"]
[WhiteElo "2384"]
[BlackElo "2189"]
[PlyCount "42"]
[EventDate "2012.08.25"]

1. f4 Nf6 2. Nf3 g6 3. b3 Bg7 4. Bb2 d6 5. g3 Nc6 6. Bg2 e5 7. e3 O-O 8. fxe5
Ng4 9. O-O Ngxe5 10. Nxe5 Nxe5 11. d4 Ng4 12. Qd3 d5 13. Nc3 Bf5 14. e4 dxe4
15. Nxe4 c5 16. Rxf5 gxf5 17. Nxc5 Qe7 18. Bxb7 Rad8 19. b4 Bh6 20. Qxf5 Qe2
21. Bg2 Qxg2+ 0-1

[Event "M.Botvinnik Memorial 2012"]
[Site "St. Petersburg, Russia"]
[Date "2012.08.31"]
[Round "7.47"]
[White "Ganichev, Alexander"]
[Black "Baghdasaryan, Vahe"]
[Result "0-1"]
[WhiteElo "2227"]
[BlackElo "2368"]
[PlyCount "64"]
[EventDate "2012.08.25"]

1. e4 c5 2. Nf3 Nc6 3. Nc3 d6 4. d4 cxd4 5. Nxd4 Nf6 6. Bg5 Bd7 7. Qd2 Nxd4 8.
Qxd4 Qa5 9. Bd2 e5 10. Qd3 Qc5 11. f3 Be7 12. O-O-O O-O 13. g4 Be6 14. g5 Nd7
15. Be3 Qa5 16. Nd5 Bd8 17. a3 Nb6 18. Bd2 Qa4 19. h4 Rc8 20. Bh3 a5 21. Ne3
Nc4 22. Bc3 Nxe3 23. Qxe3 Bxh3 24. Rxh3 b5 25. Rxd6 b4 26. axb4 Be7 27. Rd5
axb4 28. b3 Qa6 29. Be1 Qa1+ 30. Kd2 Rxc2+ 31. Kxc2 Rc8+ 32. Kd3 Qd1+ 0-1

[Event "M.Botvinnik Memorial 2012"]
[Site "St. Petersburg, Russia"]
[Date "2012.08.31"]
[Round "7.48"]
[White "Solovjov, Sergey I"]
[Black "Emdin, Mark"]
[Result "1/2-1/2"]
[WhiteElo "2365"]
[BlackElo "2109"]
[PlyCount "99"]
[EventDate "2012.08.25"]

1. e4 e6 2. d4 d5 3. Nc3 Nf6 4. Bg5 Be7 5. e5 Nfd7 6. h4 Nc6 7. Qd2 Nb6 8. Nf3
h6 9. Bf4 Bd7 10. h5 Na5 11. b3 c5 12. Nb5 Bxb5 13. Bxb5+ Nc6 14. c3 a6 15.
Bxc6+ bxc6 16. Rh3 c4 17. Rg3 Bf8 18. Qe2 a5 19. bxc4 Nxc4 20. Nd2 Nxd2 21.
Bxd2 Qb6 22. Qd3 Rb8 23. f4 Qb5 24. Qxb5 cxb5 25. a4 b4 26. cxb4 Bxb4 27. Rxg7
Kf8 28. Rg3 Rg8 29. Rxg8+ Kxg8 30. Ra2 Bxd2+ 31. Kxd2 Rb3 32. Rc2 Rb4 33. Kd3
Rxa4 34. g4 Ra3+ 35. Rc3 Ra1 36. Rc8+ Kh7 37. Rc7 Kg8 38. f5 Rg1 39. f6 Rg3+
40. Kc2 Rxg4 41. Rc8+ Kh7 42. Rf8 Rxd4 43. Rxf7+ Kg8 44. Re7 Re4 45. Rxe6 Kf8
46. Kb3 Kf7 47. Re7+ Kf8 48. Ka3 a4 49. e6 Rf4 50. Rf7+ 1/2-1/2

[Event "M.Botvinnik Memorial 2012"]
[Site "St. Petersburg, Russia"]
[Date "2012.08.31"]
[Round "7.49"]
[White "Biriukov, Oleg V"]
[Black "Tselkovskiy, Kirill"]
[Result "1/2-1/2"]
[WhiteElo "2332"]
[BlackElo "1991"]
[PlyCount "80"]
[EventDate "2012.08.25"]

1. d4 Nf6 2. c4 e6 3. Nc3 c5 4. d5 exd5 5. cxd5 d6 6. Nf3 g6 7. Bf4 a6 8. a4
Bg7 9. h3 O-O 10. e3 Re8 11. Nd2 Nbd7 12. Bxd6 Nb6 13. Bxc5 Nfxd5 14. Bxb6 Nxb6
15. Nc4 Qf6 16. a5 Nxc4 17. Bxc4 Qh4 18. Ra4 Bxc3+ 19. bxc3 Rxe3+ 20. Be2 Re4
21. Rxe4 Qxe4 22. O-O Be6 23. Bf3 Qc4 24. Qd6 Qb5 25. Qb4 Bc4 26. Rd1 Rb8 27.
Rd6 Qe5 28. Rb6 Bd5 29. Bxd5 Qxd5 30. Rxa6 Rd8 31. Rb6 Qe5 32. f4 Qe1+ 33. Kh2
Rd3 34. Rd6 Qg3+ 35. Kh1 Qe1+ 36. Kh2 Qg3+ 37. Kh1 Qe1+ 38. Kh2 Qg3+ 39. Kh1
Qe1+ 40. Kh2 Qg3+ 1/2-1/2

[Event "M.Botvinnik Memorial 2012"]
[Site "St. Petersburg, Russia"]
[Date "2012.08.31"]
[Round "7.50"]
[White "Ustinov, Alexey"]
[Black "Neverov, Valeriy"]
[Result "0-1"]
[WhiteElo "2155"]
[BlackElo "2502"]
[PlyCount "62"]
[EventDate "2012.08.25"]

1. Nf3 f5 2. d3 Nf6 3. e4 d6 4. Nc3 e5 5. Bg5 Be7 6. Nh4 fxe4 7. dxe4 Be6 8.
Nf5 O-O 9. Qd2 Nc6 10. O-O-O Kh8 11. Nxe7 Nxe7 12. f3 a6 13. Kb1 b5 14. Ne2 a5
15. h4 Qd7 16. h5 h6 17. Be3 b4 18. Nc1 Nh7 19. g4 Rxf3 20. g5 Rxe3 21. Qxe3
Nxg5 22. Rg1 Ng8 23. Rxg5 hxg5 24. Qxg5 Qe7 25. Qg2 Rf8 26. Be2 Nh6 27. Rg1 Bg8
28. Nd3 Bh7 29. Nf2 a4 30. Ng4 Qg5 31. Qh2 Nxg4 0-1

[Event "M.Botvinnik Memorial 2012"]
[Site "St. Petersburg, Russia"]
[Date "2012.08.31"]
[Round "7.51"]
[White "Schroer, Marcel"]
[Black "Usmanov, Vasily"]
[Result "0-1"]
[WhiteElo "2143"]
[BlackElo "2333"]
[PlyCount "142"]
[EventDate "2012.08.25"]

1. d4 Nf6 2. Nf3 g6 3. g3 Bg7 4. Bg2 O-O 5. c4 d6 6. O-O Nc6 7. Nc3 Bf5 8. d5
Na5 9. Nd2 c5 10. e4 Bd7 11. Qc2 a6 12. b3 b5 13. Bb2 Rb8 14. Rae1 bxc4 15.
bxc4 Ng4 16. Nd1 Ba4 17. Qxa4 Bxb2 18. Nxb2 Rxb2 19. Nb3 Nxb3 20. axb3 Qb6 21.
Rb1 Rxb1 22. Rxb1 Rb8 23. Qd7 Ne5 24. Qxe7 Nxc4 25. Bf1 Nd2 26. Rb2 Nxf1 27.
Kxf1 c4 28. Rc2 Qxb3 29. Qxd6 Qd3+ 30. Kg2 Qxe4+ 31. Kh3 Qf5+ 32. Kg2 Qe4+ 33.
Kh3 Rb5 34. Qxa6 Rxd5 35. Qa8+ Kg7 36. Qa1+ Kh6 37. Qc1+ Kg7 38. Qa1+ f6 39.
Qa7+ Kh6 40. Qe3+ Qxe3 41. fxe3 Rc5 42. g4 c3 43. Kg3 Rc4 44. Kf3 Kg5 45. e4
Kh4 46. Kf4 h6 47. Kf3 g5 48. h3 Rc6 49. Kg2 h5 50. gxh5 Kxh5 51. Kg3 Rc4 52.
h4 gxh4+ 53. Kf3 Rc8 54. Kf4 Rc5 55. Ke3 Rg5 56. Kf4 Rc5 57. Kf3 Rg5 58. Kf4
Rg3 59. Ra2 Rd3 60. e5 fxe5+ 61. Kxe5 Kg4 62. Ke4 Rd8 63. Rg2+ Kh3 64. Rc2 Re8+
65. Kf4 Rf8+ 66. Ke4 Kg4 67. Rxc3 h3 68. Rc7 Re8+ 69. Kd3 Rg8 70. Re7 h2 71.
Re4+ Kh3 0-1

[Event "M.Botvinnik Memorial 2012"]
[Site "St. Petersburg, Russia"]
[Date "2012.08.31"]
[Round "7.52"]
[White "Eryshkanova, Anastasiya"]
[Black "Serrano Salvador, Eduardo"]
[Result "0-1"]
[WhiteElo "2142"]
[BlackElo "2319"]
[PlyCount "72"]
[EventDate "2012.08.25"]

1. e4 e5 2. Nf3 Nf6 3. Nc3 Nc6 4. d4 exd4 5. Nxd4 Bb4 6. Nxc6 bxc6 7. Bd3 d5 8.
exd5 cxd5 9. O-O O-O 10. Bg5 c6 11. Na4 h6 12. Bh4 Bd6 13. c3 Re8 14. b4 Bg4
15. Qc2 Bd7 16. Bg3 Bf8 17. Rfe1 Nh5 18. Be5 Qg5 19. Bd4 Nf4 20. Bf1 Bf5 21.
Qc1 Rxe1 22. Qxe1 Be4 23. g3 Qg4 24. Qe3 Bd6 25. Nc5 Bf5 26. f3 Qg6 27. Kh1 Ne6
28. g4 Nxd4 29. cxd4 Bc2 30. Rc1 Bxc5 31. bxc5 Rb8 32. Qc3 Ba4 33. Bd3 Qg5 34.
Re1 Qf4 35. Kg2 Bb5 36. Qb2 Bxd3 0-1